000 00779nam a22001937a 4500
005 20210325185729.0
008 s2524 th tha d
041 _atha
090 _aอศ ช772อ 2524
245 1 0 _aอนุสรณ์งานฌาปนกิจศพ นางเชื้อ พั่ววงศ์แพทย์
260 3 _aกรุงเทพฯ :
_bร.พ. มหามกุฏราชวิทยาลัย,
_c2524
300 _a1 เล่ม :
_b ภาพประกอบ ;
_c 21 ซม.
650 0 4 _aการปฏิบัติธรรม
650 0 4 _aเชื้อ พั้ววงศ์แพทย์, 2450--2524
850 _aNALT
942 _cCRE
997 _c000000000023716
998 _aARUNTHIP
999 _c23716
_d23716